Normal view
MARC view
- COMBAT PSYCHOLOGICAL ASPECTS PSYCHOLOGY MILITARY MORALE
Entry Topical Term
001 - CONTROL NUMBER
- control field: 74817
003 - CONTROL NUMBER IDENTIFIER
- control field: NUST
005 - DATE AND TIME OF LATEST TRANSACTION
- control field: 20210628205308.0
008 - FIXED-LENGTH DATA ELEMENTS
- fixed length control field: 210628|| aca||aabn | a|a d
040 ## - CATALOGING SOURCE
- Original cataloging agency: NUST
- Transcribing agency: NUST
150 ## - HEADING--TOPICAL TERM
- Topical term or geographic name entry element: COMBAT PSYCHOLOGICAL ASPECTS PSYCHOLOGY MILITARY MORALE
670 ## - SOURCE DATA FOUND
- Source citation: Work cat.: (NUST): KELLETT, ANTHONY 48630, COMBAT MOTIVATION THE BEHAVIOR OF SOLDIERS IN BATTLE, 1982
